• 首页
  • 本馆介绍
  • 公告通知
  • 最新文献
  • 馆藏检索
  • 电子资源
  • 读者导购
  • 参考咨询
  • 我的图书馆
  • 登录
  • 详细信息显示
  • 放入我的书架
  • 预约/预借图书
  • 作者相关作品
  • 分类相关作品
  • 丛书相关作品
  • 出版社相关作品

书目信息

  • 表格格式
  • 工作单格式
  • 卡片格式
题名:
老子管理学
    
 
作者: 杨先举 著
分册:  
出版信息: 北京   中国人民大学出版社  2005
页数: 326页
开本: 21cm
丛书名: 中国古代管理思想集粹
单 册:
中图分类: B223.15 , C93
科图分类:
主题词: 老子 , 老子--管理学--研究
电子资源:
ISBN: 7-300-06381-0
000 01009nam0 2200289 450
000 01021nam0 2200289 450
000 00951nam0 2200265 450
000 00915oam2 2200253 45
005 20070722180135.56
010    @a7-300-06381-0@dCNY20.00
100    @a20070626d2005 em y0chiy0120 ea
101 0  @achi
102    @aCN@b110000
105    @ay z 000yy
200 1  @a老子管理学@ALao Zi Guan Li Xue@f杨先举著@FYang Xian Ju Zhu
210    @a北京@c中国人民大学出版社@d2005
215    @a326页@d21cm
225 2  @a中国古代管理思想集粹
330    @a本书从“大管理”理念出发,围绕《老子》的认识论,相对论,领导艺术论,天道、地道、人道观,思维方式以及实用价值几方面内容展开讨论,主要对“道、德、柔、无、反、水”法则在管理实践中的借鉴运用做了探讨。
410  0 @12001 @a中国古代管理思想集粹
606 0  @a老子
606 0  @a老子@x管理学@x研究
690    @aB223.15@v4
690    @aC93@v4
701  0 @a杨先举@AYang Xian Ju@f(1930.9~)@4著
801  0 @aCN@bTAOJIN@c20070722
905    @a10447@dB223.15@e329
    
    老子管理学/杨先举著.-北京:中国人民大学出版社,2005
    326页;21cm.-(中国古代管理思想集粹)
    
    
    ISBN 7-300-06381-0:CNY20.00
    本书从“大管理”理念出发,围绕《老子》的认识论,相对论,领导艺术论,天道、地道、人道观,思维方式以及实用价值几方面内容展开讨论,主要对“道、德、柔、无、反、水”法则在管理实践中的借鉴运用做了探讨。
●
相关链接 在E读中查询图书 在五车中查询图书 在当当中查询图书 在豆瓣中查询图书


正题名:老子管理学     索取号:B223.15/329         预约/预借

序号 登录号 条形码 馆藏地/架位号 状态 备注
1 0823190   208231901   第一样本阅览室/ [索取号:B223.15/329] 在馆    
2 0823191   208231910   第一借阅区/ [索取号:B223.15/329] 在馆    
3 0823192   208231929   教育系资料室/ [索取号:B223.15/329] 在馆    
4 0823193   208231938   教育系资料室/ [索取号:B223.15/329] 在馆    
5 0823194   208231947   第一借阅区/ [索取号:B223.15/329] 在馆    
6 0823195   208231956   教育系资料室/ [索取号:B223.15/329] 在馆    
7 0823196   208231965   第一借阅区/ [索取号:B223.15/329] 在馆    
8 0823197   208231974   第一借阅区/ [索取号:B223.15/329] 在馆    
唐山师范学院图书馆 欢迎您!
大连网信软件有限公司© 版权所有